Geometric and structural design of road section with cost analysis using relevant software (Record no. 553552)
[ view plain ]
| 000 -LEADER | |
|---|---|
| fixed length control field | 00408nam a22001337a 4500 |
| 082 ## - DEWEY DECIMAL CLASSIFICATION NUMBER | |
| Classification number | P-641 |
| 100 ## - MAIN ENTRY--PERSONAL NAME | |
| Personal name | Muhammad Faisal rasheed |
| 9 (RLIN) | 50808 |
| 245 ## - TITLE STATEMENT | |
| Title | Geometric and structural design of road section with cost analysis using relevant software |
| 260 ## - PUBLICATION, DISTRIBUTION, ETC. | |
| Place of publication, distribution, etc. | Risalpur, |
| Name of publisher, distributor, etc. | MCE, |
| Date of publication, distribution, etc. | 2015. |
| 526 ## - STUDY PROGRAM INFORMATION NOTE | |
| Program name | 0 |
| Interest level | 0 |
| Reading level | 0 |
| Title point value | P_641 |
| 526 ## - STUDY PROGRAM INFORMATION NOTE | |
| Program name | 0 |
| Interest level | 0 |
| Reading level | 0 |
| Title point value | P_641 |
| 700 ## - ADDED ENTRY--PERSONAL NAME | |
| Personal name | Lt Col Muhammad Ayub jan |
| 9 (RLIN) | 50809 |
| 942 ## - ADDED ENTRY ELEMENTS (KOHA) | |
| Source of classification or shelving scheme | |
| Koha item type | Book |
| Withdrawn status | Lost status | Source of classification or shelving scheme | Damaged status | Not for loan | Permanent Location | Current Location | Date acquired | Total Checkouts | Full call number | Barcode | Date last seen | Price effective from | Koha item type |
|---|---|---|---|---|---|---|---|---|---|---|---|---|---|
| Military College of Engineering (MCE) | Military College of Engineering (MCE) | 07/08/2015 | P-641 | MCE-P-641 | 07/08/2015 | 07/08/2015 | Book | ||||||
| Military College of Engineering (MCE) | Military College of Engineering (MCE) | 07/08/2015 | P-641 | MCE-P-642 | 07/08/2015 | 07/08/2015 | Book |
